| 000 | 00563nmm a2200169Ia 4500 | ||
|---|---|---|---|
| 008 | 251105s9999||||xx |||||||||||||||||und|| | ||
| 020 | _a9788496748248 | ||
| 041 | _aspa | ||
| 100 | _aAlcalá, Cristina | ||
| 245 | 0 |
_aEl mundo del vino contado con sencillez : _b Esta guía nos permite convertirnos en conocedores en la materia de enalogía. |
|
| 264 |
_a[Madrid, España] : _bMaeva Ediciones, _c2007 |
||
| 300 | _a0 páginas | ||
| 490 | _aContado con Sencillez | ||
| 650 | _aCooking | ||
| 856 | _uhttps://public.digitaliapublishing.com/a/31598 | ||
| 942 | _cCF | ||
| 999 |
_c90056 _d90056 |
||